000 00215 a2200097 4500
001 4916
100 _aHumphrey,D
245 _aelementry mechanics with hydrostatics
260 _a
_bLongmans
_c
090 _c4103
_d4103
942 _aNUST-CAE
_cM
_c30383
999 _c239989
_d239989